000 00538cam a2200193 4500500
005 20260329004520.0
041 _afre
042 _adc
100 1 0 _aNicolas, Ariane
_eauthor
245 0 0 _aAgapè
260 _c2020.
500 _a88
690 _aAgapê
690 _aCharité
690 _achristianisme
690 _aGrec
786 0 _nPhilosophie magazine | 138 | 4-5 | 2020-04-01 | p. 38-38 | 1951-1787
856 4 1 _uhttps://shs.cairn.info/magazine-philosophie-magazine-2020-4-5-page-38?lang=fr&redirect-ssocas=7080
999 _c1834665
_d1834665